| 000 | 01087nac a22002531u 4500 | ||
|---|---|---|---|
| 010 | _a 2004019955 | ||
| 020 | _a9780521547659 (pbk.) | ||
| 020 | _a0521547652 (pbk.) | ||
| 082 | 0 | 0 |
_a005.2768 _bM2281 |
| 090 |
_c2940 _d2940 |
||
| 100 | _aMcMillan, Michael, | ||
| 245 | 1 | 0 |
_aData structures and algorithms using Visual Basic.NET / _cMichael McMillan. |
| 260 |
_aCambridge, UK ; _aNew York : _bCambridge University Press,2005 _c2005. |
||
| 300 |
_ax, 401 p. : _bill. ; _c24 cm. |
||
| 504 | _aIncludes bibliographical references (p. 379) and index. | ||
| 650 | 0 | _aBASIC (Computer program language) | |
| 650 | 0 | _aMicrosoft .NET. | |
| 650 | 0 | _aData structures (Computer science) | |
| 650 | 0 | _aComputer algorithms. | |
| 856 | 4 | 2 |
_3Publisher description _uhttp://www.loc.gov/catdir/description/cam051/2004019955.html |
| 856 | 4 | 2 |
_3Table of contents _uhttp://www.loc.gov/catdir/toc/ecip0422/2004019955.html |
| 942 |
_cBB _k005.2768M2281 |
||
| 999 |
_c2940 _d2940 |
||